00944nam a2200241 a 450000100100000000500170001000800410002702000150006804000250008308200150010810000250012324000660014824501260021426000300034030000210037049000230039150000710041470000290048570000280051483000300054295201130057299900170068500004240920201002040133.0131128s1997 sp 000 0 spa d a8420644056 aDO-SdBNPbspacBNPHU axxxbH236a1 aHandke, Peter96952610aSommerlicher Nachtrag zu einer winterlichen Reise.lEspañol10aApéndice de verano a un viaje de invierno /cPeter Handke ; versión eapañola de Eustaquio Barjau y Susana Yunquera. aMadrid :bAlianza,c1997. a102 p. ;c22 cm.1 aAlianza Actualidad aIncluye datos biográficos del autor en la solapa de la cubierta.12aBarjau, Eustaquio91304612aYunquera, Susana943187 0aAlianza Actualidad969527 001050718MOaGRbGRcCTd2013-11-28iLF1l0oxxx H236ap42409-10r2020-06-25w2020-06-25y1ZNo se presta c41898d41898